Normal view
MARC view
Entry Personal Name
001 - CONTROL NUMBER
- control field: 6388
003 - CONTROL NUMBER IDENTIFIER
- control field: OSt
005 - DATE AND TIME OF LATEST TRANSACTION
- control field: 20150821112336.0
008 - FIXED-LENGTH DATA ELEMENTS
- fixed length control field: 150821|| aca||aabn | a|a d
040 ## - CATALOGING SOURCE
- Original cataloging agency: OSt
- Transcribing agency: OSt
100 ## - HEADING--PERSONAL NAME
- Personal name: Dastur, R.H.
670 ## - SOURCE DATA FOUND
- Source citation: Work cat.: (OSt)5008: Dastur, R.H., Sex And Disease, 1989









